<?xml version="1.0" encoding="UTF-8"?>
<marc:record xmlns:marc="http://www.loc.gov/MARC21/slim">
   <marc:leader>00000nam a2200000 a 4500</marc:leader>
   <marc:datafield ind1="1" ind2=" " tag="100">
      <marc:subfield code="a">Pammesberger, Michael</marc:subfield>
      <marc:subfield code="4">aut</marc:subfield>
      <marc:subfield code="e">Verfasser/-in</marc:subfield>
   </marc:datafield>
   <marc:datafield ind1=" " ind2=" " tag="653">
      <marc:subfield code="a">Softcover / Belletristik/Comic</marc:subfield>
   </marc:datafield>
   <marc:datafield ind1=" " ind2=" " tag="653">
      <marc:subfield code="a">Cartoon</marc:subfield>
   </marc:datafield>
   <marc:datafield ind1=" " ind2=" " tag="653">
      <marc:subfield code="a">Humor</marc:subfield>
   </marc:datafield>
   <marc:datafield ind1=" " ind2=" " tag="653">
      <marc:subfield code="a">Satire/Cartoons</marc:subfield>
   </marc:datafield>
   <marc:datafield ind1="0" ind2="0" tag="245">
      <marc:subfield code="a">Pammesberger in der Krise</marc:subfield>
   </marc:datafield>
   <marc:datafield ind1="0" ind2="0" tag="245">
      <marc:subfield code="b">Neue Karikaturen</marc:subfield>
   </marc:datafield>
   <marc:datafield ind1="0" ind2="0" tag="245">
      <marc:subfield code="c">Michael Pammesberger</marc:subfield>
   </marc:datafield>
   <marc:datafield ind1=" " ind2="1" tag="264">
      <marc:subfield code="a">Wien</marc:subfield>
      <marc:subfield code="b">Ueberreuter</marc:subfield>
      <marc:subfield code="c">2015</marc:subfield>
   </marc:datafield>
   <marc:datafield ind1=" " ind2=" " tag="250">
      <marc:subfield code="a">1. Aufl.</marc:subfield>
   </marc:datafield>
   <marc:datafield ind1="1" ind2=" " tag="520">
      <marc:subfield code="a">Angaben aus der Verlagsmeldung

Pammesberger in der Krise : Neue Karikaturen / von Michael Pammesberger

Zeichnen S’was Lustiges&lt;p&gt;
Reformstau in der Begegnungszone. Koalition in der Rettungsgasse. Pleitegriechen, Fleischskandale. Rauchverbote, Songconteste …Es gibt kein Thema, das Michael Pammesberger auslässt. Immerhin zeichnet er fast täglich für den „Kurier“ und seit 2015 wöchentlich auch für „News“. Kanzler, Finanzminister, sogar Päpste und Diktatoren ziehen vorbei – der Karikaturist bleibt im Amt und kommentiert das Geschehen. Aktuell, politisch, zugespitzt, aber vor allem: immer witzig. Ein „Best of“ der Karikaturen und Cartoons der letzten Jahre, eine Wiederbegegnung mit den Höhepunkten des österreichischen Weltgeschehens. Trotz Wirtschaftskrise, Werner Faymann und Charlie Hebdo – 192 Seiten gezeichneter Kommentar in schwarz-weiß und Farbe von einem, dem das Zeichnen immer noch Spaß macht.
</marc:subfield>
   </marc:datafield>
   <marc:datafield ind1=" " ind2=" " tag="020">
      <marc:subfield code="a">9783800076277</marc:subfield>
      <marc:subfield code="9">9783800076277</marc:subfield>
   </marc:datafield>
   <marc:datafield ind1=" " ind2=" " tag="041">
      <marc:subfield code="a">ger</marc:subfield>
   </marc:datafield>
   <marc:datafield ind1=" " ind2=" " tag="300">
      <marc:subfield code="a">192 S.</marc:subfield>
   </marc:datafield>
</marc:record>
